[Event "Rated Blitz game"]
[Site "?"]
[Date "2021.10.26"]
[Round "?"]
[White "Udemzo"]
[Black "King_bg03"]
[Result "0-1"]
[WhiteElo "2535"]
[BlackElo "2561"]
[PlyCount "96"]
[EventDate "2021.??.??"]
[EventType "blitz"]

1. e4 e5 2. Nf3 d5 3. exd5 e4 4. Qe2 Qe7 5. Nd4 Nf6 6. d3 exd3 7. Qxe7+ Bxe7 8.
Bxd3 Nxd5 9. O-O O-O 10. Re1 Bf6 11. c3 Rd8 12. Nd2 c5 13. N4f3 Nc6 14. Ne4 Bg4
15. Nxf6+ Nxf6 16. Bb5 Bxf3 17. gxf3 Re8 18. Be3 Re5 19. Bxc6 bxc6 20. Bf4 Rf5
21. Be3 c4 22. Kg2 Rb8 23. Re2 Nd5 24. Rd1 a5 25. Bc1 a4 26. a3 c5 27. Re4 Nb6
28. Rd6 h6 29. Rc6 Rd5 30. Bf4 Rb7 31. Bd6 Nd7 32. Re8+ Kh7 33. Re2 Rb6 34.
Rxb6 Nxb6 35. Bf4 Rf5 36. Be3 Nd5 37. Rd2 Re5 38. Bxc5 Nf4+ 39. Kg3 Nh5+ 40.
Kg4 Rxc5 41. f4 Nf6+ 42. Kg3 Rd5 43. Rxd5 Nxd5 44. Kf3 f5 45. Ke2 Nxf4+ 46. Ke3
Ne6 47. f4 g5 48. Kf3 gxf4 {Time forfeit} 0-1

[Event "Rated Blitz game"]
[Site "?"]
[Date "2021.10.26"]
[Round "?"]
[White "fast-tsunami"]
[Black "MischieviousPawn"]
[Result "0-1"]
[WhiteElo "2516"]
[BlackElo "2515"]
[PlyCount "89"]
[EventDate "2021.??.??"]
[EventType "blitz"]

1. e4 e5 2. Nf3 d5 3. exd5 e4 4. Ne5 Qxd5 5. d4 exd3 6. Nxd3 Nc6 7. Nc3 Qa5 8.
Be2 Be6 9. O-O O-O-O 10. Bf4 Nf6 11. a3 Qf5 12. Bg3 h5 13. h3 g5 14. Qc1 h4 15.
Bh2 g4 16. hxg4 Nxg4 17. Qf4 Nxh2 18. Qxf5 Bxf5 19. Kxh2 Bd6+ 20. Kh1 Nd4 21.
Rac1 Rdg8 22. Rfe1 h3 23. g3 Re8 24. Bf1 Rxe1 25. Nxe1 Bg4 26. Ne4 Be7 27. c3
Nf3 28. c4 f5 29. Nc3 Bc5 30. Nd3 Bd4 31. Nb5 Rd8 32. Nxd4 Rxd4 33. Nf4 Rd2 34.
Nxh3 Rxb2 35. Ng1 Rxf2 36. Nxf3 Rxf3 37. Kg1 Rxg3+ 38. Kf2 Rxa3 39. Re1 c6 40.
Re7 a5 41. c5 Rc3 42. Re5 a4 43. Ke1 Rc1+ 44. Kf2 a3 45. Re3 {Normal} 0-1

[Event "Rated Blitz game"]
[Site "?"]
[Date "2021.10.26"]
[Round "?"]
[White "alchemikal69"]
[Black "sillierchess"]
[Result "0-1"]
[WhiteElo "2461"]
[BlackElo "2492"]
[PlyCount "46"]
[EventDate "2021.??.??"]
[EventType "blitz"]

1. e4 e5 2. Nf3 d5 3. exd5 Bd6 4. Nc3 Nf6 5. Bb5+ c6 6. dxc6 bxc6 7. Bc4 e4 8.
Qe2 Qe7 9. Ng5 O-O 10. Ngxe4 Nxe4 11. Qxe4 Qc7 12. d4 Nd7 13. Be3 Rb8 14. O-O-O
Bb4 15. Qd3 Qa5 16. Ne4 Nb6 17. Bb3 Be6 18. Bxe6 fxe6 19. Ng5 Rf5 20. a3 Be7
21. Bd2 Qd5 22. Nxe6 Qxe6 23. Rhe1 Qa2 {Normal} 0-1

[Event "Rated Blitz game"]
[Site "?"]
[Date "2021.10.26"]
[Round "?"]
[White "Stabbilojunior"]
[Black "khalid_ontawar"]
[Result "1/2-1/2"]
[WhiteElo "2514"]
[BlackElo "2457"]
[PlyCount "147"]
[EventDate "2021.??.??"]
[EventType "blitz"]

1. e4 e5 2. Nf3 d5 3. exd5 e4 4. Qe2 Nf6 5. d3 Bf5 6. Bg5 Be7 7. dxe4 Nxe4 8.
Bxe7 Qxe7 9. Nc3 Nxc3 10. bxc3 Bxc2 11. Kd2 Qxe2+ 12. Bxe2 Be4 13. Bb5+ c6 14.
Rhe1 cxb5 15. Rxe4+ Kd7 16. Rae1 Na6 17. Re7+ Kd6 18. Nd4 Kxd5 19. R1e5+ Kd6
20. Nxb5+ Kc6 21. Nd4+ Kd6 22. f4 Rhf8 23. Rxb7 Nc5 24. Rbe7 a6 25. Nf5+ Kc6
26. g4 Rad8+ 27. Nd4+ Kd6 28. h4 Ne6 29. Ra7 Nxf4 30. Rf5 Ne6 31. Rxa6+ Ke7 32.
Ra7+ Kd6 33. Nxe6 fxe6 34. Rxf8 Rxf8 35. Rxg7 Rf2+ 36. Ke3 Rg2 37. g5 Rg4 38.
Rxh7 Ke5 39. Rh6 Rg3+ 40. Kf2 Rxc3 41. g6 Kf6 42. h5 Rc2+ 43. Kf3 Rxa2 44. Rh7
Ra3+ 45. Ke4 Ra4+ 46. Kd3 Ra3+ 47. Kc4 Rg3 48. Rf7+ Ke5 49. g7 Rg4+ 50. Kc5 Rg5
51. h6 Ke4+ 52. Kd6 Rd5+ 53. Kxe6 Re5+ 54. Kf6 Rf5+ 55. Kg6 Rc5 56. g8=Q Rc6+
57. Kh7 Rc3 58. Qg6+ Ke3 59. Re7+ Kd2 60. Qd6+ Kc2 61. Re2+ Kb3 62. Qb6+ Kc4
63. Qc6+ Kd3 64. Re3+ Kxe3 65. Qxc3+ Kf4 66. Kg7 Kf5 67. h7 Kf4 68. h8=Q Kf5
69. Qf8+ Ke4 70. Qc7 Kd5 71. Qce7 Kc6 72. Qfd8 Kb5 73. Qec7 Ka6 74. Qdb8 {
Normal} 1/2-1/2

[Event "Rated Blitz game"]
[Site "?"]
[Date "2021.10.26"]
[Round "?"]
[White "Larmor"]
[Black "Schachelite"]
[Result "0-1"]
[WhiteElo "2475"]
[BlackElo "2466"]
[PlyCount "134"]
[EventDate "2021.??.??"]
[EventType "blitz"]

1. e4 e5 2. Nf3 d5 3. exd5 e4 4. Qe2 Nf6 5. d3 Qxd5 6. dxe4 Qxe4 7. Nc3 Bb4 8.
Bd2 Bxc3 9. Bxc3 Qxe2+ 10. Bxe2 Nbd7 11. O-O-O O-O 12. Rhe1 Ne4 13. Bd4 c5 14.
Be3 Ndf6 15. h3 Be6 16. Kb1 Rfd8 17. Ng5 Nxg5 18. Bxg5 Rxd1+ 19. Bxd1 Nd5 20.
Bf3 h6 21. Bd2 Rd8 22. a3 b6 23. g4 Nf6 24. Bf4 Bd5 25. Rd1 Rd7 26. Be2 Bg2 27.
Rxd7 Nxd7 28. h4 Kf8 29. Kc1 Be4 30. Kd2 Ke7 31. f3 Bd5 32. c4 Be6 33. Bd3 f6
34. g5 hxg5 35. hxg5 Ne5 36. gxf6+ Kxf6 37. b3 Nxf3+ 38. Ke3 Ne5 39. Be4 g5 40.
Bg3 Bf5 41. Bb7 Bc2 42. Ba8 Bxb3 43. Ke4 Nxc4 44. Bb8 a5 45. Bc7 Ke6 46. Kd3 a4
47. Bb7 Kd7 48. Bg3 Nd6 49. Ba6 b5 50. Bxd6 Kxd6 51. Bxb5 c4+ 52. Ke3 Kc5 53.
Bd7 c3 54. Kd3 c2 55. Kd2 Kd4 56. Bf5 Ke5 57. Bg4 Kf4 58. Be2 g4 59. Bf1 g3 60.
Bg2 Kg4 61. Kc1 Kf4 62. Kd2 Ke5 63. Kc1 Kd4 64. Kd2 c1=Q+ 65. Kxc1 Ke3 66. Kb2
Kf2 67. Be4 Bd1 {Time forfeit} 0-1

[Event "Rated Blitz game"]
[Site "?"]
[Date "2021.10.26"]
[Round "?"]
[White "ElfuerteProteuo"]
[Black "Schachelite"]
[Result "0-1"]
[WhiteElo "2416"]
[BlackElo "2466"]
[PlyCount "38"]
[EventDate "2021.??.??"]
[EventType "blitz"]

1. e4 e5 2. Nf3 d5 3. exd5 e4 4. Qe2 Nf6 5. d3 Qxd5 6. Nc3 Bb4 7. dxe4 Bxc3+ 8.
bxc3 Qxe4 9. Bg5 Nbd7 10. Nd4 O-O 11. O-O-O Qd5 12. Bxf6 Nxf6 13. Qc4 Qg5+ 14.
Kb1 c5 15. Nf3 Qh5 16. Be2 Be6 17. Qh4 Qxh4 18. Nxh4 Ne4 19. Rdf1 Nxc3+ {Normal
} 0-1

[Event "Rated Blitz game"]
[Site "?"]
[Date "2021.10.26"]
[Round "?"]
[White "SomeCM"]
[Black "Annali-annaliew1979"]
[Result "1-0"]
[WhiteElo "2453"]
[BlackElo "2459"]
[PlyCount "125"]
[EventDate "2021.??.??"]
[EventType "blitz"]

1. e4 e5 2. Nf3 d5 3. exd5 e4 4. Qe2 f5 5. d3 Nf6 6. Nbd2 Be7 7. dxe4 fxe4 8.
Nxe4 Nxe4 9. Qxe4 O-O 10. Bd3 Bf5 11. Qc4 Bxd3 12. Qxd3 Bd6 13. O-O Nd7 14. Ng5
Nf6 15. Ne6 Qe8 16. Nxf8 Kxf8 17. c4 Qh5 18. h3 b6 19. Be3 Kg8 20. Rae1 Rf8 21.
Bd4 Ng4 22. Qe2 Nf6 23. Bxf6 Qxe2 24. Rxe2 Rxf6 25. Rfe1 Kf7 26. g3 h5 27. Kg2
a5 28. Re4 g5 29. R1e2 a4 30. b3 axb3 31. axb3 Rf5 32. g4 hxg4 33. hxg4 Rf6 34.
Re6 Rf4 35. R2e4 Kf8 36. Rxf4+ gxf4 37. Kf3 Kf7 38. Ke4 Kg7 39. f3 Kf7 40. Kf5
Kf8 41. g5 Kf7 42. g6+ Kg7 43. Kg5 Ba3 44. Kh5 Bd6 45. Rf6 Kxf6 46. Kh6 Bf8+
47. Kh7 Bg7 48. b4 Bf8 49. c5 bxc5 50. bxc5 Ke5 51. d6 cxd6 52. c6 Ke6 53. Kg8
Bh6 54. Kh7 Bf8 55. Kg8 Be7 56. c7 Kd7 57. Kf7 d5 58. g7 d4 59. g8=Q d3 60.
Qe8+ Kd6 61. Qxe7+ Kc6 62. Qd8 d2 63. c8=Q+ {Normal} 1-0

[Event "Rated Blitz game"]
[Site "?"]
[Date "2021.10.26"]
[Round "?"]
[White "IguanaAstronaut"]
[Black "mirekkk14"]
[Result "1-0"]
[WhiteElo "2505"]
[BlackElo "2399"]
[PlyCount "51"]
[EventDate "2021.??.??"]
[EventType "blitz"]

1. e4 e5 2. Nf3 d5 3. Nxe5 Bd6 4. f4 dxe4 5. d4 exd3 6. Bxd3 Nf6 7. O-O O-O 8.
Nc3 Nc6 9. Nxc6 bxc6 10. Kh1 Bg4 11. Qe1 Qd7 12. Qh4 h6 13. Bd2 Rfe8 14. Rae1
Bf5 15. h3 Nd5 16. Bc4 Be7 17. Qf2 Bf6 18. g4 Bxc2 19. g5 hxg5 20. fxg5 Bxc3
21. Bxc3 Be4+ 22. Kh2 Bg6 23. Qd4 f5 24. gxf6 Rxe1 25. f7+ Qxf7 26. Rxf7 {
Normal} 1-0

[Event "Rated Blitz game"]
[Site "?"]
[Date "2021.10.26"]
[Round "?"]
[White "Bxh6"]
[Black "khalid_ontawar"]
[Result "1-0"]
[WhiteElo "2602"]
[BlackElo "2437"]
[PlyCount "27"]
[EventDate "2021.??.??"]
[EventType "blitz"]

1. e4 e5 2. Nf3 d5 3. Nxe5 Qe7 4. d4 f6 5. Nf3 dxe4 6. Nfd2 Nc6 7. Nc4 Bd7 8.
d5 Ne5 9. Nc3 O-O-O 10. Be3 f5 11. d6 cxd6 12. Nd5 Qf7 13. Bxa7 Bc6 14. Ncb6# {
Normal} 1-0

[Event "Rated Blitz game"]
[Site "?"]
[Date "2021.10.26"]
[Round "?"]
[White "alchemikal69"]
[Black "sillierchess"]
[Result "0-1"]
[WhiteElo "2466"]
[BlackElo "2481"]
[PlyCount "50"]
[EventDate "2021.??.??"]
[EventType "blitz"]

1. e4 e5 2. Nf3 d5 3. exd5 Bd6 4. Nc3 Nf6 5. Bb5+ c6 6. dxc6 bxc6 7. Bc4 e4 8.
Qe2 Qe7 9. Nd4 O-O 10. h3 Re8 11. d3 Qe5 12. Be3 Bc5 13. Nb3 exd3 14. Bxd3 Bxe3
15. fxe3 Qg3+ 16. Kd2 Nbd7 17. Raf1 Nb6 18. Rxf6 gxf6 19. Ne4 Qe5 20. Rf1 Nd5
21. Nd4 Bd7 22. c4 f5 23. cxd5 fxe4 24. dxc6 exd3 25. Qxd3 Be6 {Normal} 0-1

[Event "Rated Blitz game"]
[Site "?"]
[Date "2021.10.26"]
[Round "?"]
[White "Avanti1914"]
[Black "khalid_ontawar"]
[Result "1-0"]
[WhiteElo "2422"]
[BlackElo "2452"]
[PlyCount "109"]
[EventDate "2021.??.??"]
[EventType "blitz"]

1. e4 e5 2. Nf3 d5 3. Nc3 dxe4 4. Nxe4 f5 5. Ng3 e4 6. Ng1 Be6 7. d3 Nf6 8. Bg5
exd3 9. Bxd3 g6 10. Nf3 Bd6 11. O-O O-O 12. Re1 Bd5 13. c4 Bxf3 14. Qxf3 Nc6
15. Rad1 Ne5 16. Qxb7 Rb8 17. Qxa7 Rxb2 18. c5 Nc6 19. Qa3 Be5 20. Bc4+ Kg7 21.
Rxd8 Rxd8 22. Rxe5 Rb1+ 23. Nf1 Nxe5 24. Qc3 Re8 25. h3 h6 26. Bxf6+ Kxf6 27.
f4 h5 28. a4 Rbb8 29. a5 h4 30. Nd2 Rbd8 31. a6 Kg7 32. fxe5 Kh6 33. a7 g5 34.
Bb5 Re6 35. Nf3 Ra8 36. Qd2 f4 37. Qd7 Rg6 38. Qxc7 Kh5 39. Bc6 Rxc6 40. Qxc6
Rxa7 41. Qe8+ Kh6 42. Qf8+ Kg6 43. Qf6+ Kh7 44. Nxg5+ Kg8 45. e6 Ra1+ 46. Qxa1
Kf8 47. Kf2 Ke7 48. Kf3 Kd8 49. Qe5 Ke7 50. Qd6+ Ke8 51. Qd7+ Kf8 52. Kxf4 Kg8
53. Qe7 Kh8 54. Kg4 Kg8 55. Kxh4 {Normal} 1-0

[Event "Rated Blitz game"]
[Site "?"]
[Date "2021.10.26"]
[Round "?"]
[White "NuhiJashari"]
[Black "Annali-annaliew1979"]
[Result "1-0"]
[WhiteElo "2483"]
[BlackElo "2441"]
[PlyCount "53"]
[EventDate "2021.??.??"]
[EventType "blitz"]

1. e4 e5 2. Nf3 d5 3. d4 dxe4 4. Nxe5 Bd6 5. f4 exf3 6. Qxf3 Bxe5 7. dxe5 Nc6
8. Bb5 Bd7 9. O-O Qe7 10. Nc3 O-O-O 11. Bf4 Nh6 12. Rad1 Bg4 13. Rxd8+ Rxd8 14.
Qg3 Be6 15. Qxg7 Nf5 16. Qf6 Qc5+ 17. Kh1 Ncd4 18. Bd3 Qb4 19. Ne4 Qxb2 20. Bg5
Rg8 21. Nc5 Qxa2 22. c4 h6 23. Nxe6 hxg5 24. Qxf7 Nxe6 25. Qxe6+ Kd8 26. Qxg8+
Kd7 27. Bxf5+ {Normal} 1-0

[Event "Rated Blitz game"]
[Site "?"]
[Date "2021.10.26"]
[Round "?"]
[White "totoff"]
[Black "GrandeGila"]
[Result "0-1"]
[WhiteElo "2454"]
[BlackElo "2507"]
[PlyCount "66"]
[EventDate "2021.??.??"]
[EventType "blitz"]

1. e4 e5 2. Nf3 d5 3. d3 dxe4 4. dxe4 Qxd1+ 5. Kxd1 Nc6 6. Bb5 Bg4 7. Bxc6+
bxc6 8. Ke2 Nf6 9. h3 Bh5 10. Nbd2 Bb4 11. c3 Bd6 12. g4 Bg6 13. Ke3 Bc5+ 14.
Ke2 Nxe4 15. Nxe5 Nxf2 16. Nxg6 hxg6 17. Rf1 Nxh3 18. Nb3 Bd6 19. Be3 O-O-O 20.
Bxa7 Rhe8+ 21. Kf3 Ng5+ 22. Kg2 c5 23. Rad1 Kb7 24. Bxc5 Bxc5 25. Nxc5+ Kc6 26.
b4 Re2+ 27. Kg3 Re3+ 28. Kg2 Rxd1 29. Rxd1 Rxc3 30. Rd3 Rc2+ 31. Kg3 Rxa2 32.
Rc3 Kb5 33. Nd3 Ne4+ {Normal} 0-1

[Event "Rated Blitz game"]
[Site "?"]
[Date "2021.10.26"]
[Round "?"]
[White "NelsonMora91"]
[Black "sillierchess"]
[Result "0-1"]
[WhiteElo "2413"]
[BlackElo "2476"]
[PlyCount "30"]
[EventDate "2021.??.??"]
[EventType "blitz"]

1. e4 e5 2. Nf3 d5 3. Nxe5 Bd6 4. d4 dxe4 5. f4 exf3 6. Nxf3 Nf6 7. Bc4 O-O 8.
O-O Nc6 9. c3 Bg4 10. h3 Bh5 11. Bg5 h6 12. Bxf6 Qxf6 13. g4 Bg6 14. Ne5 Qh4
15. Nxg6 Qg3+ {Normal} 0-1

[Event "Rated Blitz game"]
[Site "?"]
[Date "2021.10.25"]
[Round "?"]
[White "Elcaido"]
[Black "RCompany_1"]
[Result "1-0"]
[WhiteElo "2481"]
[BlackElo "2420"]
[PlyCount "69"]
[EventDate "2021.??.??"]
[EventType "blitz"]

1. e4 e5 2. Nf3 d5 3. Nxe5 Bd6 4. d4 dxe4 5. Nc4 Be7 6. Bf4 Nf6 7. Be2 Nc6 8.
c3 Nd5 9. Bg3 f5 10. Ne3 Bg5 11. Nxd5 Qxd5 12. f4 Bf6 13. O-O O-O 14. Nd2 Kh8
15. Nc4 Be6 16. Ne3 Qa5 17. d5 Rad8 18. c4 Ne7 19. Qb3 Bc8 20. Rfd1 Qc5 21. Bf2
Bd4 22. Rxd4 Qxd4 23. Ng4 Qd2 24. Ne5 Qxe2 25. Bc5 Rde8 26. Qa3 Ng6 27. Nxg6+
hxg6 28. Bxf8 e3 29. Rf1 Qxc4 30. Bb4 Qxd5 31. Re1 e2 32. Qc3 Bd7 33. Qd2 Qe6
34. Bc3 Bc6 35. Qd4 {Time forfeit} 1-0

[Event "Rated Blitz tournament aPJgMpo0"]
[Site "?"]
[Date "2021.10.25"]
[Round "?"]
[White "KuzmaAkimovich"]
[Black "VVV-31"]
[Result "1-0"]
[WhiteElo "2505"]
[BlackElo "2288"]
[PlyCount "117"]
[EventDate "2021.??.??"]
[EventType "blitz"]

1. e4 e5 2. Nf3 d5 3. exd5 Bd6 4. Nc3 Nf6 5. Bb5+ c6 6. dxc6 bxc6 7. Be2 O-O 8.
d3 h6 9. h3 Bf5 10. O-O Nbd7 11. Re1 Re8 12. Bf1 Bc7 13. Ne4 Nd5 14. c4 Ne7 15.
Be3 Bh7 16. Nc5 Nf5 17. Nxd7 Qxd7 18. Bc5 a5 19. Qb3 Rab8 20. Qc3 f6 21. d4 e4
22. Nd2 Nh4 23. g3 Nf5 24. Nxe4 a4 25. Bg2 h5 26. b4 axb3 27. axb3 h4 28. g4
Nh6 29. g5 fxg5 30. Nxg5 Bf5 31. Rxe8+ Rxe8 32. Re1 Rxe1+ 33. Qxe1 Bd8 34. Nf3
Bxh3 35. Ne5 Qf5 36. Bxh3 Qxh3 37. Qe3 Qf5 38. b4 Bg5 39. Qf3 Qb1+ 40. Kg2 Nf5
41. Qxc6 h3+ 42. Kxh3 Qh1+ 43. Kg4 Qxc6 44. Nxc6 Bf6 45. Kxf5 g6+ 46. Kxf6 g5
47. Kxg5 Kf7 48. b5 Ke6 49. b6 Kd7 50. Ne5+ Ke6 51. d5+ Kxe5 52. b7 Ke4 53.
b8=Q Kd3 54. Qd6 Kxc4 55. Qe5 Kxc5 56. d6+ Kc6 57. Qe6 Kc5 58. d7 Kb4 59. d8=Q
{Time forfeit} 1-0

[Event "Rated Blitz game"]
[Site "?"]
[Date "2021.10.25"]
[Round "?"]
[White "Whinim"]
[Black "sillierchess"]
[Result "1-0"]
[WhiteElo "2398"]
[BlackElo "2458"]
[PlyCount "47"]
[EventDate "2021.??.??"]
[EventType "blitz"]

1. e4 e5 2. Nf3 d5 3. exd5 Bd6 4. d4 e4 5. Ne5 Nf6 6. c4 O-O 7. Be2 Re8 8. f4
exf3 9. Nxf3 Qe7 10. Nc3 Bb4 11. Bd2 Bxc3 12. Bxc3 Ne4 13. Kf1 Bg4 14. Bd3 Ng5
15. Kf2 Qe3+ 16. Kg3 Bxf3 17. gxf3 h5 18. h4 Ne4+ 19. Bxe4 Rxe4 20. Re1 Rg4+
21. Kh3 Rxh4+ 22. Kxh4 Qf2+ 23. Kh3 Nd7 24. Qe2 {Normal} 1-0

[Event "Rated Blitz game"]
[Site "?"]
[Date "2021.10.25"]
[Round "?"]
[White "slave-trajkoski"]
[Black "Annali-annaliew1979"]
[Result "1-0"]
[WhiteElo "2522"]
[BlackElo "2434"]
[PlyCount "63"]
[EventDate "2021.??.??"]
[EventType "blitz"]

1. e4 e5 2. Nf3 d5 3. d4 dxe4 4. Nxe5 Bd6 5. Nc4 Nf6 6. Nc3 h6 7. Be2 O-O 8.
O-O Bf5 9. Ne3 Bg6 10. f4 exf3 11. Bxf3 Nc6 12. Bxc6 bxc6 13. Nf5 Bxf5 14. Rxf5
Rb8 15. Qf3 Be7 16. Qd3 Nd5 17. Ne4 Nb4 18. Qc4 Qd7 19. Rf2 Qd5 20. Qxd5 cxd5
21. Ng3 c6 22. a3 Na6 23. b4 Nc7 24. Nf5 Bg5 25. Bxg5 hxg5 26. Re1 Ne6 27. g3
Kh7 28. c3 a5 29. Ne7 axb4 30. axb4 Rb6 31. Rxe6 fxe6 32. Rxf8 {Normal} 1-0

[Event "Rated Blitz game"]
[Site "?"]
[Date "2021.10.25"]
[Round "?"]
[White "Tuzibaba"]
[Black "MischieviousPawn"]
[Result "1-0"]
[WhiteElo "2600"]
[BlackElo "2493"]
[PlyCount "39"]
[EventDate "2021.??.??"]
[EventType "blitz"]

1. e4 e5 2. Nf3 d5 3. exd5 e4 4. Qe2 Nf6 5. d3 Qxd5 6. Nbd2 Qa5 7. dxe4 a6 8.
c3 Nc6 9. Nc4 Qh5 10. e5 Ng4 11. Bf4 Be6 12. O-O-O Be7 13. Ne3 Nxe3 14. Qxe3
Bxa2 15. h3 Rd8 16. Rxd8+ Kxd8 17. g4 Qg6 18. Bd3 Qe6 19. Rd1 Kc8 20. Bf5 {
Normal} 1-0

[Event "Rated Blitz game"]
[Site "?"]
[Date "2021.10.25"]
[Round "?"]
[White "Mrs_INSTAXAMKA"]
[Black "artsportscience"]
[Result "1-0"]
[WhiteElo "2418"]
[BlackElo "2390"]
[PlyCount "107"]
[EventDate "2021.??.??"]
[EventType "blitz"]

1. e4 e5 2. Nf3 d5 3. Nxe5 Bd6 4. d4 dxe4 5. Nc4 Nf6 6. Nc3 Be7 7. Bg5 Bf5 8.
Be2 c6 9. O-O O-O 10. Ne3 Bg6 11. a4 Nbd7 12. h4 h6 13. Bf4 Nb6 14. h5 Bh7 15.
a5 Nbd5 16. Ncxd5 Nxd5 17. Nxd5 Qxd5 18. c4 Qf5 19. Be3 Bd6 20. Bg4 Qf6 21. a6
b6 22. g3 Bf5 23. Kg2 Rad8 24. Qe2 Rfe8 25. Rfd1 Qe6 26. Bxf5 Qxf5 27. d5 c5
28. Rh1 Be5 29. Rae1 Qf6 30. b3 Bd4 31. Rh4 Bc3 32. Reh1 Re7 33. Rf4 Qd6 34.
Rg4 Kh8 35. Rhh4 Rde8 36. Rh1 Bd4 37. Rd1 Bxe3 38. Qxe3 Qe5 39. Rf4 Qxh5 40.
Rh1 Qg6 41. Rfh4 f5 42. Rxh6+ gxh6 43. Rxh6+ Qxh6 44. Qxh6+ Kg8 45. Qg6+ Kf8
46. Qxf5+ Rf7 47. Qg5 e3 48. fxe3 Rfe7 49. Qh6+ Kg8 50. Qg6+ Kf8 51. Qf6+ Kg8
52. d6 Rxe3 53. d7 Re2+ 54. Kh3 {Normal} 1-0

[Event "Rated Blitz game"]
[Site "?"]
[Date "2021.10.25"]
[Round "?"]
[White "masa007"]
[Black "Annali-annaliew1979"]
[Result "1/2-1/2"]
[WhiteElo "2429"]
[BlackElo "2413"]
[PlyCount "109"]
[EventDate "2021.??.??"]
[EventType "blitz"]

1. e4 e5 2. Nf3 d5 3. d3 dxe4 4. dxe4 Qxd1+ 5. Kxd1 Nc6 6. c3 Bg4 7. Be2 Bc5 8.
Ke1 f6 9. h3 Bh5 10. Nbd2 Nge7 11. Nf1 O-O-O 12. Be3 Bb6 13. Bxb6 axb6 14. Ne3
Bf7 15. Bc4 Bxc4 16. Nxc4 Ng6 17. g3 Nf8 18. Ke2 Ne6 19. b4 g5 20. Rad1 h6 21.
Rxd8+ Rxd8 22. Rd1 Rd7 23. Ne3 Ne7 24. Nd5 Nxd5 25. exd5 Nf8 26. Ke3 b5 27. Ke4
Kd8 28. a4 bxa4 29. c4 Ke7 30. Ra1 c6 31. Rxa4 cxd5+ 32. cxd5 Rc7 33. b5 Kd6
34. Nd2 Nd7 35. Nc4+ Kc5 36. Ne3 Kxb5 37. Ra8 Nc5+ 38. Kf5 Nd3 39. d6 Rd7 40.
Ke6 Nc5+ 41. Kxf6 Rxd6+ 42. Kxe5 Rd2 43. f4 Re2 44. Kd4 Rd2+ 45. Ke5 Re2 46.
Kd4 gxf4 47. gxf4 Rd2+ 48. Ke5 Re2 49. Kd4 Rd2+ 50. Ke5 Re2 51. Kd4 Rd2+ 52.
Ke5 Re2 53. Kd4 Rd2+ 54. Ke5 Re2 55. Kd4 {Normal} 1/2-1/2

[Event "Rated Blitz game"]
[Site "?"]
[Date "2021.10.25"]
[Round "?"]
[White "matuj"]
[Black "khalid_ontawar"]
[Result "1-0"]
[WhiteElo "2499"]
[BlackElo "2430"]
[PlyCount "165"]
[EventDate "2021.??.??"]
[EventType "blitz"]

1. e4 e5 2. Nf3 d5 3. Nxe5 Qe7 4. d4 f6 5. Nf3 dxe4 6. Nfd2 Nc6 7. Bc4 Bf5 8.
O-O O-O-O 9. c3 g5 10. Re1 Bg6 11. f3 f5 12. fxe4 fxe4 13. Nxe4 Bxe4 14. Qg4+
Kb8 15. Rxe4 Qg7 16. Qxg5 Nf6 17. Qxg7 Bxg7 18. Re1 Ng4 19. Bf4 Nxd4 20. cxd4
Bxd4+ 21. Kf1 Bxb2 22. h3 Rhf8 23. g3 Nh2+ 24. Kg2 Bxa1 25. Kxh2 Rfe8 26. Rxe8
Rxe8 27. Nd2 Bc3 28. Nf3 a6 29. h4 b5 30. Bd3 Kb7 31. Bxh7 c5 32. g4 Re2+ 33.
Kg3 Rxa2 34. g5 b4 35. Be4+ Kb6 36. h5 Re2 37. Bd3 Re8 38. h6 a5 39. Bc4 a4 40.
g6 b3 41. g7 b2 42. Ba2 c4 43. Be5 Bxe5+ 44. Nxe5 c3 45. Bb1 a3 46. h7 a2 47.
Bxa2 c2 48. g8=Q Rxg8+ 49. hxg8=Q c1=Q 50. Qb3+ Kc5 51. Nd3+ Kd4 52. Qxb2+ Qxb2
53. Nxb2 Kc3 54. Nd1+ Kd2 55. Nf2 Kc1 56. Bf7 Kb2 57. Bg6 Ka1 58. Kf3 Kb2 59.
Bd3 Ka1 60. Ke3 Kb2 61. Kd2 Ka1 62. Kc3 Ka2 63. Ne4 Ka1 64. Nd2 Ka2 65. Bc2 Ka1
66. Nb3+ Ka2 67. Bd3 Ka3 68. Bb1 Ka4 69. Nd4 Ka3 70. Nb5+ Ka4 71. Kc4 Ka5 72.
Kc5 Ka4 73. Bc2+ Ka5 74. Bb3 Ka6 75. Nd6 Ka5 76. Bc2 Ka6 77. Nc4 Ka7 78. Bb3
Kb8 79. Kb4 Kc8 80. Na5 Kd8 81. Bc4 Ke8 82. Kc5 Kf8 83. Nc6 {Time forfeit} 1-0

[Event "Rated Blitz game"]
[Site "?"]
[Date "2021.10.25"]
[Round "?"]
[White "ArieWerksma"]
[Black "RCompany_1"]
[Result "1-0"]
[WhiteElo "2501"]
[BlackElo "2410"]
[PlyCount "29"]
[EventDate "2021.??.??"]
[EventType "blitz"]

1. e4 e5 2. Nf3 d5 3. exd5 e4 4. Ne5 Qxd5 5. d4 exd3 6. Nxd3 Nc6 7. Be2 Bf5 8.
O-O O-O-O 9. Nc3 Qa5 10. Bd2 Nd4 11. Bg4 Nf6 12. Bxf5+ Qxf5 13. Re1 Ng4 14. h3
Qxf2+ 15. Nxf2 {Normal} 1-0

[Event "Rated Blitz tournament XgCrsvt1"]
[Site "?"]
[Date "2021.10.25"]
[Round "?"]
[White "steven2010"]
[Black "om_gendut"]
[Result "0-1"]
[WhiteElo "2311"]
[BlackElo "2434"]
[PlyCount "52"]
[EventDate "2021.??.??"]
[EventType "blitz"]

1. e4 e5 2. Nf3 d5 3. exd5 e4 4. Nd4 Qxd5 5. Nb3 Nf6 6. Nc3 Qe5 7. Be2 Bd6 8.
d3 exd3 9. cxd3 O-O 10. Be3 Nc6 11. Qd2 Bf5 12. O-O-O a5 13. d4 Qe8 14. Bd3
Bxd3 15. Qxd3 a4 16. Nd2 a3 17. b3 Nb4 18. Qb1 Qc6 19. Qa1 Nbd5 20. Kc2 Bb4 21.
Nc4 Bxc3 22. Qc1 Bb2 23. Qd2 b5 24. Kd3 bxc4+ 25. bxc4 Nf4+ 26. Bxf4 Qe4# {
Normal} 0-1

[Event "Rated Rapid game"]
[Site "?"]
[Date "2021.10.25"]
[Round "?"]
[White "Blackpelikan"]
[Black "artsportscience"]
[Result "0-1"]
[WhiteElo "2382"]
[BlackElo "2423"]
[PlyCount "54"]
[EventDate "2021.??.??"]
[EventType "rapid"]

1. e4 e5 2. Nf3 d5 3. Nc3 dxe4 4. Nxe4 f5 5. Nc3 e4 6. Ne5 Nf6 7. Bc4 Qd4 8. f4
Bc5 9. Rf1 Rf8 10. Qe2 a6 11. a3 Nbd7 12. d3 Nxe5 13. fxe5 Qxe5 14. Bf4 Qe7 15.
O-O-O Be6 16. dxe4 fxe4 17. Bxe6 Qxe6 18. Bxc7 Rc8 19. Bg3 Bxa3 20. Rxf6 gxf6
21. Nxe4 Kf7 22. Qh5+ Kg8 23. Re1 Bxb2+ 24. Kxb2 Qb6+ 25. Kc1 Qd4 26. Qg4+ Kh8
27. Bd6 Rfe8 {Time forfeit} 0-1

[Event "Rated Blitz game"]
[Site "?"]
[Date "2021.10.25"]
[Round "?"]
[White "ayvalik10"]
[Black "Annali-annaliew1979"]
[Result "0-1"]
[WhiteElo "2453"]
[BlackElo "2427"]
[PlyCount "104"]
[EventDate "2021.??.??"]
[EventType "blitz"]

1. e4 e5 2. Nf3 d5 3. Nxe5 Qe7 4. d4 f6 5. Nd3 Nc6 6. c3 Bf5 7. Be2 Bxe4 8. O-O
Qf7 9. Bf3 f5 10. Bg5 h6 11. Bf4 Nf6 12. Ne5 Nxe5 13. Bxe5 O-O-O 14. Bxe4 Nxe4
15. f3 Nd6 16. Qa4 Kb8 17. Nd2 Be7 18. Rae1 Bg5 19. Nb3 Nc4 20. Nc5 Nxe5 21.
Rxe5 Bf6 22. Qb5 c6 23. Qb4 Bxe5 24. dxe5 Ka8 25. a4 Qe7 26. f4 b6 27. Nd3 Qxb4
28. cxb4 Kb7 29. Rc1 g5 30. g3 gxf4 31. gxf4 Rhg8+ 32. Kf2 Rg4 33. h3 Rh4 34.
Kg3 Rh5 35. e6 Rg8+ 36. Kh2 Rh4 37. Re1 Re8 38. Re5 Kc7 39. b5 cxb5 40. axb5
Kd6 41. e7 Rxe7 42. Rxe7 Kxe7 43. Kg3 Rh5 44. Ne5 Kd6 45. b4 d4 46. Nc6 Kd5 47.
Ne7+ Ke4 48. Ng8 d3 49. Nf6+ Ke3 50. Nxh5 d2 51. Kg2 d1=Q 52. Ng3 Qf3+ {Normal}
0-1

[Event "Rated Blitz game"]
[Site "?"]
[Date "2021.10.25"]
[Round "?"]
[White "Sir_Lancelot1988"]
[Black "MischieviousPawn"]
[Result "1-0"]
[WhiteElo "2541"]
[BlackElo "2495"]
[PlyCount "63"]
[EventDate "2021.??.??"]
[EventType "blitz"]

1. e4 e5 2. Nf3 d5 3. d4 dxe4 4. Nxe5 Bd6 5. Bf4 Nf6 6. Bc4 O-O 7. Bg3 Nc6 8.
Nxc6 bxc6 9. c3 Rb8 10. b4 Bg4 11. Qb3 e3 12. f3 Bf5 13. O-O Bxg3 14. hxg3 Qd6
15. g4 Bxg4 16. Bxf7+ Rxf7 17. fxg4 Nd5 18. Rxf7 Kxf7 19. Na3 Qg3 20. Rf1+ Ke8
21. Qa4 Kd7 22. Nc4 Re8 23. Rf7+ Re7 24. Ne5+ Kd8 25. Rf8+ Re8 26. Rxe8+ Kxe8
27. Qxc6+ Kf8 28. Qxd5 Qf2+ 29. Kh2 Qh4+ 30. Kg1 Qf2+ 31. Kh2 e2 32. Qd8# {
Normal} 1-0